000 00363nam a2200133Ia 4500
008 151001s9999||||xx |||||||||||||| ||und||
100 _aN. N. Semenov
245 _aThings to come
250 _a1
260 _bMir pub
260 _c1977
300 _a271
365 _b18
999 _c962919
_d962916